| 000 | 00469nam a2200169Ia 4500 | ||
|---|---|---|---|
| 005 | 20260611124911.0 | ||
| 008 | 170504s2010||||xx |||||||||||||| ||und|| | ||
| 020 |
_a9780143068747 _qpbk |
||
| 041 | _aeng | ||
| 082 |
_a355.825117 _bGHO |
||
| 100 | _aGhosh, Amitav | ||
| 245 | 0 | _aCountdown | |
| 260 |
_aGurgaon _bPenguin Books India ; Ravi Dayal Publishers _c2010 |
||
| 300 | _a84p. ; 20 cm | ||
| 650 | _a Public opinion ; India ; Nuclear weapons | ||
| 942 |
_cBK _2ddc |
||
| 999 |
_c38851 _d38851 |
||